<?xml version="1.0" encoding="UTF-8"?>
<record
    xmlns:xsi="http://www.w3.org/2001/XMLSchema-instance"
    xsi:schemaLocation="http://www.loc.gov/MARC21/slim http://www.loc.gov/standards/marcxml/schema/MARC21slim.xsd"
    xmlns="http://www.loc.gov/MARC21/slim">

  <leader>00664nam a2200181Ia 4500</leader>
  <controlfield tag="008">100920s9999    xx            000 0 und d</controlfield>
  <datafield tag="082" ind1=" " ind2=" ">
    <subfield code="b">83597</subfield>
    <subfield code="a">24 &#x928; 03</subfield>
  </datafield>
  <datafield tag="100" ind1=" " ind2=" ">
    <subfield code="a">&#x909;&#x92A;&#x947;&#x928;&#x94D;&#x926;&#x94D;&#x930; &#x92E;&#x926;&#x928;&#x92E;&#x94B;&#x939;&#x928;.</subfield>
  </datafield>
  <datafield tag="245" ind1=" " ind2=" ">
    <subfield code="a">&#x91C;&#x92C; &#x915;&#x941;&#x924;&#x94D;&#x924;&#x93E; &#x92D;&#x940; &#x938;&#x94D;&#x935;&#x930;&#x94D;&#x917; &#x917;&#x92F;&#x93E;.</subfield>
  </datafield>
  <datafield tag="260" ind1=" " ind2=" ">
    <subfield code="b">&#x91C;&#x93E;&#x928;&#x94D;&#x939;&#x935;&#x940; &#x92A;&#x94D;&#x930;&#x915;&#x93E;&#x936;&#x928;, &#x926;&#x93F;&#x932;&#x94D;&#x932;&#x940;.</subfield>
    <subfield code="c">2003</subfield>
  </datafield>
  <datafield tag="300" ind1=" " ind2=" ">
    <subfield code="a">24</subfield>
    <subfield code="b">&#x938;&#x93E;&#x927;&#x940;</subfield>
  </datafield>
  <datafield tag="365" ind1=" " ind2=" ">
    <subfield code="b">30</subfield>
  </datafield>
  <datafield tag="520" ind1=" " ind2=" ">
    <subfield code="a">&#x938;&#x93E;&#x92F;&#x94B;.</subfield>
  </datafield>
  <datafield tag="630" ind1=" " ind2=" ">
    <subfield code="a">&#x91C;&#x92C; &#x915;&#x941;&#x924;&#x94D;&#x924;&#x93E; &#x92D;&#x940; &#x938;&#x94D;&#x935;&#x930;&#x94D;&#x917; &#x917;&#x92F;&#x93E;.</subfield>
  </datafield>
  <datafield tag="650" ind1=" " ind2=" ">
    <subfield code="a">&#x938;&#x93E;&#x92F;&#x94B;.</subfield>
  </datafield>
  <datafield tag="730" ind1=" " ind2=" ">
    <subfield code="a">&#x91C;&#x92C; &#x915;&#x941;&#x924;&#x94D;&#x924;&#x93E; &#x92D;&#x940; &#x938;&#x94D;&#x935;&#x930;&#x94D;&#x917; &#x917;&#x92F;&#x93E;.</subfield>
  </datafield>
  <datafield tag="942" ind1=" " ind2=" ">
    <subfield code="c">BOOK</subfield>
  </datafield>
  <datafield tag="999" ind1=" " ind2=" ">
    <subfield code="c">724213</subfield>
    <subfield code="d">724210</subfield>
  </datafield>
  <datafield tag="952" ind1=" " ind2=" ">
    <subfield code="0">0</subfield>
    <subfield code="1">0</subfield>
    <subfield code="4">0</subfield>
    <subfield code="7">0</subfield>
    <subfield code="a">SATVAC</subfield>
    <subfield code="b">SATVAC</subfield>
    <subfield code="c">24 &#x928; 03</subfield>
    <subfield code="d">0000-00-00</subfield>
    <subfield code="g">30.00</subfield>
    <subfield code="l">0</subfield>
    <subfield code="p">SATVAC-83597</subfield>
    <subfield code="r">2010-09-20 00:00:00</subfield>
    <subfield code="w">2010-09-20</subfield>
    <subfield code="y">BOOK</subfield>
    <subfield code="z">&#x938;&#x93E;&#x916;&#x933;&#x940; &#x92F;&#x94B;&#x91C;&#x928;&#x93E;</subfield>
  </datafield>
</record>
